00956nam a2200265 a 450000100100000000500170001000800410002702000150006804000250008308200170010810000410012524501060016626000420027230000210031449000240033565000330035965000220039265000260041470000380044070000340047883000310051204900090054395201210055299900170067300002387620260129095557.0110114s2001 sp r 000 0 spa d a8495901080 aDO-SdBNPbspacBNPHU a158.1bC697a1 aCollelldevall Coromines, Rosa94911710aAprendo a vivir /cRosa Collelldevall Coromines y Constantí Mas Soler ; prólogo Pepe Rodríguez. aEspaña :bOnyx 21 Editorial,c2001. a157 p. ;c24 cm.1 aBiblioteca arrecife 0aPsicología aplicada 91579 0aPersonalidad9395 4aPsicoanálisis919581 aRodríguez, Pepeepról.9360001 aMas Soler, Constantí949118 0aBiblioteca arrecife949119 aBNGR 001054708MOaGRbGRcCTd2011-01-14iLF1l0o158.1 C697ap23876-10r2020-06-25w2020-06-25y4ZPréstamo en sala c23372d23372